Las casas más importantes de juego de tronos - Estadísticas

Estadísticas generales
  • Esta prueba ha sido intentada 612 veces
  • La puntuación promedio es 8 de 11
Estadísticas de respuestas
Número Casa % Correcto
1 Stark
99%
3 Lannister
97%
2 Targaryen
91%
6 Baratheon
89%
4 Tyrell
81%
9 Martell
77%
8 Tully
77%
7 Greyjoy
73%
10 Arryn
67%
11 Bolton
55%
5 Mormont
44%
No se encontraron pruebas coincidentes
Distribución de puntuación
Porcentaje de gente con cada puntuación
Porcentaje por número respondido
Historial de tus puntuaciones
No has intentado esta prueba.